000 01000nam0a22002291 4500
001 rc\1170434
005 20250622205533.0
035 _a(NLR Aleph) 006413537
090 _a5372028
_c5372028
100 _a20041129d1980 |||y0rusy50 ca
101 0 _arus
102 _aRU
105 _ay |||||||||
200 1 _aЦентрализация и региональная координация комплектования в библиотеках академий наук Литовской и Белорусской ССР
_eОпыт работы
_e[Сб. статей]
_fЦентр. б-ка АН ЛитССР, Фундам. б-ка им. Я. Коласа АН БССР
_g[Редкол.: ..., А. Ивашкявичюс (отв. ред.) и др.]
210 _aВильнюс
_aМинск
_cЦБ АН ЛитССР
_d1980
215 _a97 с.
_d21
333 _aДСП. Экз. № 149
801 0 _aRU
_bNLR
_gpsbo
801 1 _aRU
_bELAR
_2rusmarc
852 _aNLR
_j80-50К/4629
942 _cBOOK
980 _aNB